[Event "FRG-ch"]
[Site "Menden"]
[Date "1974.??.??"]
[Round "?"]
[White "Nicolai, Werner"]
[Black "Nehmert, Ulrich"]
[Result "1-0"]
[WhiteElo "2200"]
[BlackElo "2200"]

1.d4 d6 2.e4 g6 3.Nc3 Bg7 4.Be3 a6 5.Nge2 b5 6.a3 Bb7 7.f3 Nd7 8.Qd2 Nb6
9.b3 h6 10.g3 e6 11.Bg2 Ne7 12.O-O d5 13.e5 Nd7 14.f4 Nf5 15.Bf2 h5 16.h3 Bf8
17.Nd1 c5 18.c3 Qa5 19.dxc5 Bxc5 20.Bxc5 Nxc5 21.Qa2 Qb6 22.Kh2 Kf8 23.Nd4 Ne4
24.Nxf5 gxf5 25.Qe2 h4 26.gxh4 Qd8 27.Qe3 Qxh4 28.Rg1 Rc8 29.Bxe4 d4 30.cxd4 Bxe4
31.Rg3 Rc2+ 32.Nf2 Qe7 33.a4 Qc7 34.axb5 axb5 35.Qe1 f6 36.Kg1 Bb7 37.exf6 Qd6
38.Qe5 Qxe5 39.dxe5 Rh4 40.Nd3 Be4 41.Nf2 Bd5 42.Ra7 Rxf4 43.Nd3 Rd4  1-0

[Event "FRG-ch"]
[Site "Menden"]
[Date "1974.??.??"]
[Round "?"]
[White "Nicolai, Werner"]
[Black "Ditt, Egon"]
[Result "1/2-1/2"]
[WhiteElo "2200"]
[BlackElo "2200"]

1.d4 g6 2.e4 Bg7 3.Nc3 d6 4.Be3 Nf6 5.f3 c6 6.Qd2 Nbd7 7.Bc4 b5 8.Bb3 a5
9.a4 b4 10.Nd1 Qc7 11.c4 bxc3 12.bxc3 Rb8 13.Bc2 Nb6 14.Bd3 Be6 15.Nb2 O-O
16.Ne2 Rb7 17.O-O Rfb8 18.Rfb1 Nc4 19.Nxc4 Rxb1+ 20.Rxb1 Rxb1+ 21.Bxb1 Bxc4
22.Ba2 Ba6 23.c4 e6 24.Bf2 Nd7 25.Nc1 c5 26.d5 exd5 27.exd5 Ne5 28.Qc2 Bc8
29.Be1 Bf5 30.Qd2 Qe7 31.Bf2 h5 32.h4 Bf6 33.Qe1 g5 34.Nb3 Bc2 35.Nxa5 Bxa4
36.hxg5 Bxg5 37.Qe4 Qf6 38.Bb1 Ng6 39.Qf5 Qe5  1/2-1/2

[Event "FRG-ch"]
[Site "Menden"]
[Date "1974.??.??"]
[Round "?"]
[White "Mallee, Ralph"]
[Black "Buchal, Stephan"]
[Result "1/2-1/2"]
[WhiteElo "2200"]
[BlackElo "2290"]

1.e4 g6 2.d4 Bg7 3.Nc3 d6 4.Be3 a6 5.Be2 b5 6.a3 Nd7 7.f4 Bb7 8.Nf3 c5 9.O-O Ngf6
10.Nd2 Ng4 11.Bxg4 cxd4 12.Bxd7+ Qxd7 13.Bxd4 Bxd4+ 14.Kh1 O-O 15.f5 Rac8
16.fxg6 fxg6 17.Qe2 Qe6 18.Qd3 Bxc3 19.bxc3 Qe5 20.Rxf8+ Rxf8 21.Re1 Qc5
22.c4 bxc4 23.Nxc4 Rc8 24.Nxd6 Qxd6 25.Qb3+ Kg7 26.Qxb7 Rxc2 27.Qb1 Qd2 28.Rg1 Rb2
29.Qf1 Qd6 30.Qf3 Qf6  1/2-1/2

[Event "FRG-ch"]
[Site "Menden"]
[Date "1974.??.??"]
[Round "?"]
[White "Krieger, Hermann"]
[Black "Ditt, Egon"]
[Result "1/2-1/2"]
[WhiteElo "2200"]
[BlackElo "2200"]

1.e4 g6 2.d4 Bg7 3.Nc3 d6 4.f4 Nf6 5.Nf3 c5 6.Bb5+ Bd7 7.e5 Ng4 8.h3 Bxb5
9.Nxb5 Qa5+ 10.Nc3 cxd4 11.Qxd4 Nc6 12.Qe4 Nh6 13.g4 O-O-O 14.Bd2 f5 15.exf6 exf6
16.O-O-O d5 17.Qa4 Qxa4 18.Nxa4 f5 19.g5 Nf7 20.Rhe1 b6 21.Re6 Kb7 22.b4 Rd7
23.Bc3 Bxc3 24.Nxc3 Nxb4 25.a3 Rc8 26.Kb2 Na6 27.Rxd5 Rdc7 28.Re3 Rd8 29.Rxd8 Nxd8
30.Nd5 Rg7 31.Re8 Nc6 32.Nf6 Nc7 33.Re1 Ne7  1/2-1/2

[Event "Nice olm fin-B"]
[Site "Nice"]
[Date "1974.??.??"]
[Round "1"]
[White "Wostin, Rik Hendrik"]
[Black "Benoit, Michel"]
[Result "0-1"]
[WhiteElo "2265"]
[BlackElo "2280"]

1.e4 g6 2.d4 Bg7 3.Nc3 d6 4.Be3 c6 5.Be2 Nf6 6.h3 Qa5 7.Qd2 Nbd7 8.Nf3 b5
9.e5 b4 10.exf6 bxc3 11.fxg7 cxd2+ 12.Bxd2 Qxd2+ 13.Kxd2 Rg8 14.Rae1 Rb8
15.Bc4 Rxg7 16.Re2 Nb6 17.Bb3 a5 18.Rhe1 f6 19.a3 Ba6 20.Re6 Kd7 21.Kc3 Bb5
22.g4 g5 23.h4 h6 24.h5 Na8 25.Nh2 a4 26.Ba2 Ba6 27.d5 cxd5 28.Nf3 Nc7 29.R6e3 e5  0-1

[Event "Nice olm fin-B"]
[Site "Nice"]
[Date "1974.??.??"]
[Round "1"]
[White "Santos, Luis M"]
[Black "Kagan, Shimon"]
[Result "1/2-1/2"]
[WhiteElo "2270"]
[BlackElo "2385"]

1.e4 g6 2.d4 Bg7 3.Nc3 d6 4.Be3 a6 5.g3 Nf6 6.Bg2 O-O 7.h3 Nc6 8.Nge2 e5
9.O-O Bd7 10.Qe1 exd4 11.Nxd4 Re8 12.Rd1 Nxd4 13.Bxd4 Bc6 14.Qe3 b5 15.a3 a5
16.Qd3 b4 17.axb4 axb4 18.Nd5 Rb8 19.c4 bxc3 20.bxc3 Bxd5 21.exd5 Nd7 22.Rb1 Bxd4
23.cxd4 Rxb1 24.Rxb1 Nb6 25.Rc1 Qf6 26.Bf3 Re7 27.Rc2 h5 28.h4 g5 29.hxg5 Qxg5
30.Kg2 Nxd5 31.Qd2 Qxd2 32.Rxd2 Nf6 33.Rc2 Kg7 34.Kh3 Kg6 35.Kh4 Kh6 36.Rc4 Ne4
37.Rc2 Ng5 38.Bxh5 Re1 39.g4 Ne4 40.Kh3 f5 41.f3 Ng5+ 42.Kg3 Rg1+ 43.Kf2 Nh3+
44.Ke3 Re1+ 45.Kd2 Re7 46.Kd3 Kg5 47.d5 Nf4+ 48.Kd4 Kh4 49.Ra2 Kg3 50.Ra3 Nxh5
51.gxh5 Rh7 52.Rc3 f4 53.Ke4 Rxh5  1/2-1/2

[Event "Nice olm prel"]
[Site "Nice"]
[Date "1974.??.??"]
[Round "2"]
[White "Carpinter, Anthony Lawrence"]
[Black "Savadkouhi, Massoud Amir"]
[Result "1/2-1/2"]
[WhiteElo "2210"]
[BlackElo "2340"]

1.e4 g6 2.d4 Bg7 3.Nc3 d6 4.Be3 c6 5.Nf3 Nd7 6.Be2 b5 7.a3 a6 8.O-O Nh6 9.h3 f6
10.Qd2 Nf7 11.Nh2 f5 12.exf5 gxf5 13.Rae1 Nf6 14.Nf3 O-O 15.Ng5 a5 16.b4 d5
17.Nxf7 Rxf7 18.Bf4 Bd7 19.Be5 Kh8 20.Qf4 Qg8 21.Bf3 Ne4 22.Ne2 axb4 23.axb4 Ra4
24.Bh5 Rf8 25.c3 Ra3 26.Ra1 Rfa8 27.Rxa3 Rxa3 28.Bxg7+ Qxg7 29.Qb8+ Qg8 30.Qe5+ Qg7
31.Qb8+ Qg8 32.Qe5+ Qg7  1/2-1/2

[Event "Nice olm prel"]
[Site "Nice"]
[Date "1974.??.??"]
[Round "2"]
[White "Cordovil, Joao"]
[Black "Cox, David"]
[Result "0-1"]
[WhiteElo "2285"]
[BlackElo "2315"]

1.e4 g6 2.d4 Bg7 3.Nc3 d6 4.Be3 a6 5.Qd2 b5 6.a4 b4 7.Na2 a5 8.Bc4 Ba6 9.Bb3 Nf6
10.f3 Nbd7 11.Nh3 O-O 12.Bh6 c5 13.Bxg7 Kxg7 14.c3 Qb6 15.Nc1 cxd4 16.cxd4 e5
17.Ne2 d5 18.Nf2 dxe4 19.fxe4 exd4 20.O-O Rae8 21.Bc2 Nc5 22.Ng3 Bxf1 23.Rxf1 d3
24.Bxd3 Nfxe4 25.Bxe4 Nxe4 26.Nxe4 Rxe4 27.Kh1 Rd4 28.Qe3 Rd6 29.Qf4 Qd4
30.Ne4 Re6 31.Ng3 Qxf4 32.Rxf4 Re1+  0-1

[Event "Nice olm prel"]
[Site "Nice"]
[Date "1974.??.??"]
[Round "2"]
[White "Sbia, Bachir"]
[Black "Sherman, A."]
[Result "1-0"]
[WhiteElo "2200"]
[BlackElo "2200"]

1.e4 d6 2.d4 g6 3.Nc3 Bg7 4.f4 Nc6 5.Nf3 Bg4 6.Be3 Bxf3 7.gxf3 e5 8.fxe5 dxe5
9.d5 Nd4 10.Nb5 Nxb5 11.Bxb5+ c6 12.dxc6 Qa5+ 13.Kf2 Qxb5 14.Qd7+ Kf8 15.cxb7 Qxd7
16.bxa8=Q+ Ke7 17.Bc5+ Ke6 18.Rhd1 Nf6 19.Rxd7 Rxa8 20.Re7+  1-0

[Event "Nice olm prel"]
[Site "Nice"]
[Date "1974.??.??"]
[Round "3"]
[White "Cardoso, Radolfo Tan"]
[Black "Kagan, Shimon"]
[Result "1-0"]
[WhiteElo "2385"]
[BlackElo "2385"]

1.e4 g6 2.d4 Bg7 3.Nc3 d6 4.Be3 a6 5.Qd2 b5 6.f3 Bb7 7.Nh3 Nd7 8.Nf2 c5 9.a3 Rc8
10.Be2 Ngf6 11.d5 Nb6 12.O-O Nfd7 13.Rab1 Qc7 14.Kh1 b4 15.Ncd1 a5 16.Bb5 O-O
17.Bh6 Nf6 18.Ng4 Nxg4 19.fxg4 e5 20.Rf3 f6 21.Bxg7 Qxg7 22.c3 bxc3 23.bxc3 Rb8
24.Ne3 Bc8 25.Rbf1 g5 26.Qf2 Rb7 27.Ba6 Rb8 28.Bxc8 Nxc8 29.Nf5 Qg6 30.c4 a4
31.Qc2 Qe8 32.Ng3 Rb3 33.Rxb3 axb3 34.Qxb3 Ne7 35.Qb7 Rf7 36.Qa6  1-0

[Event "Nice olm prel"]
[Site "Nice"]
[Date "1974.??.??"]
[Round "3"]
[White "Bilek, Istvan"]
[Black "Fye Chan, MF."]
[Result "1-0"]
[WhiteElo "2475"]
[BlackElo "2200"]

1.e4 d6 2.d4 g6 3.Nc3 Bg7 4.Nf3 Bg4 5.Be3 c6 6.h3 Bd7 7.Qd2 b5 8.Bd3 a5 9.O-O Nf6
10.Bh6 O-O 11.Rfe1 b4 12.Ne2 Na6 13.Ng3 Nc7 14.e5 Nfe8 15.Bxg7 Kxg7 16.Nh5+ Kg8
17.Qh6 Ne6 18.exd6 exd6 19.Re4 Qe7 20.Rae1 Ra7 21.Rh4 f5 22.d5 cxd5 23.Nf4 N8c7
24.Nxg6 hxg6 25.Qh8+ Kf7 26.Rh7+  1-0

[Event "Nice olm prel"]
[Site "Nice"]
[Date "1974.??.??"]
[Round "4"]
[White "Hasan, HM."]
[Black "Cox, David"]
[Result "0-1"]
[WhiteElo "2380"]
[BlackElo "2315"]

1.e4 g6 2.d4 Bg7 3.Nc3 d6 4.h3 c6 5.Nf3 Nf6 6.Be2 O-O 7.O-O Nbd7 8.Bf4 Nh5
9.Bh2 e5 10.dxe5 dxe5 11.Qd2 Qc7 12.a4 Nf4 13.Bc4 Nc5 14.Rfd1 Be6 15.Bxe6 Ncxe6
16.Qd6 Qb6 17.Qa3 Rad8 18.a5 Qa6 19.Re1 Rd7 20.Bg3 Rfd8 21.Qa2 Nd4 22.Nxd4 Rxd4
23.b3 Bf8 24.f3 Bb4 25.Bxf4 exf4 26.Qb2 Rd2 27.Ra4 Bxc3 28.Qxc3 Qb5 29.Rc4 Qg5
30.g4 Qh4  0-1

[Event "Nice olm prel"]
[Site "Nice"]
[Date "1974.??.??"]
[Round "5"]
[White "Farooqui, Zahiruddin"]
[Black "Tatai, Stefano"]
[Result "1-0"]
[WhiteElo "2200"]
[BlackElo "2430"]

1.e4 g6 2.d4 Bg7 3.Nc3 d6 4.Be3 c6 5.Qd2 b5 6.a3 a6 7.Be2 Nd7 8.Nf3 Bb7 9.Rd1 Qc7
10.O-O Ngf6 11.h3 O-O 12.Bh6 c5 13.Bxg7 Kxg7 14.dxc5 Nxc5 15.e5 dxe5 16.Qe3 e4
17.Nd2 Na4 18.Nxa4 bxa4 19.c4 Rab8 20.Nb1 Bc6 21.Rd2 Rb3 22.Qd4 Rfb8 23.Nc3 Rxb2
24.Rxb2 Rxb2 25.Nb5 axb5 26.Qxb2 bxc4 27.Rc1 e3 28.Rxc4 exf2+ 29.Kxf2 Qd7
30.Qe5 Qa7+ 31.Qd4 Qxd4+ 32.Rxd4 Ne4+ 33.Ke1 Nd6 34.Bf3 Nf5 35.Rb4 Bd7 36.g4 Nd6
37.Bd1 f5 38.Bxa4 Bc8 39.Bd1 Kf6 40.a4 Ke5 41.Bf3 Ba6 42.Be2  1-0

[Event "Nice olm prel"]
[Site "Nice"]
[Date "1974.??.??"]
[Round "5"]
[White "Yanofsky, Daniel Abraham"]
[Black "Keene, Raymond D"]
[Result "0-1"]
[WhiteElo "2435"]
[BlackElo "2505"]

1.e4 g6 2.d4 Bg7 3.Nc3 d6 4.Be3 a6 5.Nf3 Nf6 6.h3 b5 7.a3 O-O 8.Bd3 Bb7 9.O-O Nbd7
10.d5 c6 11.dxc6 Bxc6 12.Re1 Qc7 13.Bd4 e5 14.Be3 Qb7 15.Bg5 a5 16.a4 bxa4
17.Qd2 Rfb8 18.Nh2 Qc7 19.Rab1 Rb4 20.f3 Rab8 21.Nf1 Rxb2 22.Rxb2 Rxb2 23.Ne3 Rb4
24.Kh2 h6 25.Bh4 Nb6 26.Na2 Rb2 27.Nc3 Rb4 28.Na2 Rb2 29.Nc3 d5 30.exd5 Nfxd5
31.Ncxd5 Nxd5 32.Nc4 Rb4 33.Bg3 Nf4 34.Qe3 Bb5 35.Nxe5 Nh5 36.f4 Nxg3 37.Qxg3 Bxd3
38.Nxd3 Rc4 39.Re8+ Kh7 40.Qe3 Rxc2 41.Re7 Qd6 42.Rxf7 Rxg2+ 43.Kxg2 Qd5+
44.Kg3 Qxf7 45.h4 Qd5 46.Kh2 a3 47.Ne5 a2 48.Qc3 a1=Q 49.Qxa1 Qd2+ 50.Kg3 Qe3+
51.Kg2 Qxf4 52.Qxa5 Qxe5 53.Qa7 Qe2+ 54.Kg3 h5  0-1

[Event "Nice olm prel"]
[Site "Nice"]
[Date "1974.??.??"]
[Round "5"]
[White "Sharif, Mershad"]
[Black "Planinc, Albin"]
[Result "1/2-1/2"]
[WhiteElo "2300"]
[BlackElo "2545"]

1.e4 g6 2.d4 Bg7 3.Nc3 d6 4.Bc4 Nf6 5.Qe2 O-O 6.e5 Ne8 7.Bf4 c5 8.dxc5 dxe5
9.Bxe5 Nf6 10.Nb5 Nc6 11.Rd1 Bd7 12.Bc3 a6 13.Nd4 Nxd4 14.Bxd4 e5 15.Bc3 Qc7
16.Nf3 Rae8 17.Bxe5 Qa5+ 18.Qd2 Qxc5 19.Qd4 Qxd4 20.Rxd4 Bc6 21.O-O Bxf3
22.Bxf6 Bxf6 23.Rf4 Be2 24.Bxe2 Bg5 25.Rg4 Rxe2 26.Rxg5 Rc8 27.a3 Rexc2 28.b4 R8c3
29.Rg3 f5 30.f4 Kf7 31.Rd1 Rxg3 32.hxg3 Ke6 33.Rd3 Rc6 34.Kf2 Rd6 35.Re3+ Kd5
36.Re7 b5 37.Rc7 Kd4 38.Ke2 Re6+ 39.Kd2 h6 40.Rd7+ Kc4 41.Rd3  1/2-1/2

[Event "Nice olm prel"]
[Site "Nice"]
[Date "1974.??.??"]
[Round "5"]
[White "Silva, Fernando"]
[Black "Pfleger, Helmut"]
[Result "0-1"]
[WhiteElo "2290"]
[BlackElo "2535"]

1.e4 g6 2.d4 Bg7 3.Nc3 d6 4.Be2 Nf6 5.h4 h5 6.Bg5 Nc6 7.Qd2 Nh7 8.Be3 e5
9.Nf3 Bg4 10.d5 Ne7 11.Ng5 Bxe2 12.Qxe2 Qd7 13.O-O-O a6 14.f3 Nf8 15.Rd3 Bh6
16.Kb1 f6 17.Nh3 Bxe3 18.Qxe3 Kf7 19.f4 Kg7 20.fxe5 dxe5 21.Rf1 Qd6 22.Qf2 Nd7
23.Rf3 Raf8 24.Qg1 b5 25.g4 hxg4 26.Qxg4 Rh5 27.Ne2 Rfh8 28.Ng5 Rxh4 29.Ne6+ Kf7
30.Qg5 Rf4 31.N2xf4 fxg5 32.Nh5+ Nf5 33.Nhg7 g4 34.Rc3 g3 35.Rxg3 Rh1 36.Rf3 Rxf1+
37.Rxf1 Nf6 38.exf5 g5 39.b3 Qxd5  0-1

[Event "Nice olm fin-B"]
[Site "Nice"]
[Date "1974.??.??"]
[Round "6"]
[White "Bessenay, Maurice"]
[Black "Yanofsky, Daniel Abraham"]
[Result "1/2-1/2"]
[WhiteElo "2400"]
[BlackElo "2435"]

1.e4 g6 2.d4 Bg7 3.Nc3 d6 4.f3 a6 5.Be3 b5 6.Qd2 Nd7 7.Nge2 Bb7 8.g4 h5 9.gxh5 Rxh5
10.Ng3 Rh8 11.Be2 Nb6 12.O-O-O c6 13.h4 Nf6 14.Rdg1 Qc7 15.h5 O-O-O 16.hxg6 fxg6
17.Rxh8 Bxh8 18.Nf1 c5 19.Rxg6 cxd4 20.Bxd4 Nc4 21.Bxc4 Qxc4 22.Qd3 Qf7 23.Rg5 Qh7
24.Rg1 Rg8 25.Rxg8+ Qxg8 26.a3 Qg2 27.Kb1 Qh1 28.Ka2 Qh3 29.Nd2 Nd7 30.Bxh8 Qxh8
31.Nd5 Kd8 32.Nb3 Qe5 33.f4 Qh5 34.f5 Qf7 35.Kb1 Bxd5 36.exd5 Nb6 37.Nd4 Qxd5
38.Qe3 Kd7 39.Qe6+ Qxe6 40.fxe6+ Kc7  1/2-1/2

[Event "Nice olm prel"]
[Site "Nice"]
[Date "1974.??.??"]
[Round "6"]
[White "Trikaliotis, Georgios"]
[Black "Janetschek, Karl"]
[Result "1/2-1/2"]
[WhiteElo "2200"]
[BlackElo "2335"]

1.e4 g6 2.d4 Bg7 3.Nc3 d6 4.Be3 c6 5.Qd2 b5 6.h4 h6 7.f3 Nd7 8.a4 b4 9.Nd1 a5
10.b3 Nb6 11.Rc1 Nf6 12.g4 Nfd7 13.Qf2 c5 14.Bb5 cxd4 15.Bxd4 O-O 16.Ne2 Bb7
17.Bxg7 Kxg7 18.Ne3 Nc5 19.Ng3 Qc7 20.Rd1 e6 21.h5 Rh8 22.Qh2 Rad8 23.Ne2 e5
24.Nd5 Nxd5 25.exd5 g5 26.Ng3 Bc8 27.Qd2 Qb6 28.Bd3 Rhe8 29.Be4 Rf8 30.Bf5 Ba6
31.Be4 Bc8 32.Bf5 Ba6 33.Be4 Bc8 34.Bf5  1/2-1/2

[Event "Nice olm fin-B"]
[Site "Nice"]
[Date "1974.??.??"]
[Round "6"]
[White "Tatai, Stefano"]
[Black "Kagan, Shimon"]
[Result "1/2-1/2"]
[WhiteElo "2430"]
[BlackElo "2385"]

1.e4 g6 2.d4 Bg7 3.Nc3 d6 4.Nf3 c6 5.a4 Nf6 6.Be2 O-O 7.O-O a5 8.Be3 Na6
9.Nd2 d5 10.exd5 Nxd5 11.Nxd5 cxd5 12.c3 Qb6 13.Ra2 Be6 14.Re1 Qd6 15.Nb3 b6
16.Nc1 Bf5 17.Qd2 Nc7 18.Bf4 Qd8 19.Bf3 Ra7 20.Ra3 Ne8 21.Qe2 Nf6 22.Nd3 Bxd3
23.Qxd3 Qd7 24.Rea1 Rc8 25.Rb3 Rc6 26.Rb5 e6 27.b3 Qc8 28.Rc1 Ne8 29.c4 Bf8
30.Rd1 Bd6 31.cxd5 Rc3 32.Qd2 Rc2 33.Qe3 Rc3 34.Qd2 Rc2 35.Qe3 Rc3 36.Qd2 Rc2
37.Qe3  1/2-1/2

[Event "Nice olm fin-A"]
[Site "Nice"]
[Date "1974.??.??"]
[Round "6"]
[White "Cardoso, Radolfo Tan"]
[Black "Keene, Raymond D"]
[Result "1/2-1/2"]
[WhiteElo "2385"]
[BlackElo "2505"]

1.e4 g6 2.d4 Bg7 3.Nc3 d6 4.Be3 a6 5.f3 b5 6.Qd2 Nd7 7.Nh3 Bb7 8.Nf2 c5 9.a3 cxd4
10.Bxd4 Ngf6 11.Be2 O-O 12.h4 Nb6 13.h5 e5 14.Be3 d5 15.exd5 Nbxd5 16.Bc5 Nf4
17.Nd3 N4xh5 18.Bxf8 Qxf8 19.Qe3 Ng3 20.Rh3 Nxe2 21.Qxe2 Rc8 22.Kf1 Nd5 23.Nxd5 Bxd5
24.Kg1 Bc4 25.Kh1 Be6 26.Rh2 Qd6 27.Rd1 Qc7 28.c3 Bb3 29.Rd2 h5 30.Qe3 Kh7
31.g4 Bh6 32.g5 Bg7 33.Nf2 Qc4 34.Kg2 Qe6 35.Ne4 Bd5 36.Qd3 Bxe4 37.Qxe4 Kg8
38.Kf1 Bf8 39.f4 Qg4 40.Qxe5 Qf3+ 41.Rdf2 Qg3 42.Rfg2 Qf3+  1/2-1/2

[Event "Nice olm fin-A"]
[Site "Nice"]
[Date "1974.??.??"]
[Round "8"]
[White "Dueball, Juergen"]
[Black "Planinc, Albin"]
[Result "0-1"]
[WhiteElo "2455"]
[BlackElo "2545"]

1.e4 g6 2.d4 Bg7 3.Nc3 d6 4.Nf3 Nf6 5.Be2 O-O 6.O-O c6 7.a4 a5 8.h3 Na6 9.e5 dxe5
10.dxe5 Qxd1 11.Rxd1 Nd7 12.Bf4 Nac5 13.Re1 Ne6 14.Bg3 Nb6 15.Rad1 Bd7 16.Ne4 Rfd8
17.b3 Be8 18.Neg5 Rxd1 19.Bxd1 Nc5 20.e6 f5 21.h4 Nd5 22.Be5 Rd8 23.c4 Nd3
24.Rf1 Nxe5 25.cxd5 cxd5 26.Nxe5 Bxe5 27.g4 Bf6 28.gxf5 gxf5 29.Bc2 Bg6 30.Nf7 Bxf7
31.exf7+ Kxf7 32.Bxf5 h5 33.Kg2 Bxh4 34.Rh1 Kf6 35.Bd3 Rg8+ 36.Kf1 Rg4 37.Be2 Rf4
38.f3 Ke5 39.Kg2 Kd4 40.Rd1+ Ke3  0-1

[Event "Nice olm prel"]
[Site "Nice"]
[Date "1974.??.??"]
[Round "8"]
[White "Sampouw, Jacobus S"]
[Black "Todorcevic, Miodrag"]
[Result "1-0"]
[WhiteElo "2280"]
[BlackElo "2425"]

1.e4 g6 2.d4 Bg7 3.Nc3 d6 4.Nf3 Nf6 5.Be3 O-O 6.h3 c6 7.Qd2 b5 8.Bd3 Nbd7
9.Bh6 e5 10.dxe5 dxe5 11.Bxg7 Kxg7 12.Ne2 c5 13.Bxb5 Nxe4 14.Qd3 Nef6 15.Qc3 Ne4
16.Qa3 Qb6 17.Bxd7 Bxd7 18.Nxe5 Qf6 19.f4 Qh4+ 20.g3 Qe7 21.Qd3 Bf5 22.Qe3 f6
23.Nc4 Qf7 24.b3 Rfe8 25.g4 Ng5 26.Qc3 Qd5 27.Rf1 Ne4 28.Qf3 Bd7 29.Rd1 Qe6
30.Ne5 Bc6 31.Nxc6 Qxc6 32.f5 g5 33.Rd3 c4 34.bxc4 Qxc4 35.Rd7+ Kh8 36.Qb3 Nc3
37.Qxc4  1-0

[Event "Nice olm fin-B"]
[Site "Nice"]
[Date "1974.??.??"]
[Round "9"]
[White "Mariotti, Sergio"]
[Black "Todorcevic, Miodrag"]
[Result "1-0"]
[WhiteElo "2465"]
[BlackElo "2425"]

1.d4 g6 2.e4 Bg7 3.Nc3 d6 4.h4 Nf6 5.f3 c6 6.Be3 b5 7.Qd2 Nbd7 8.a4 b4 9.Nce2 Rb8
10.Nf4 Qa5 11.h5 c5 12.h6 Bf8 13.d5 Ne5 14.b3 e6 15.dxe6 fxe6 16.Rd1 Bd7
17.g4 Be7 18.g5 Nh5 19.Nxh5 gxh5 20.Bf4 c4 21.Qd4 cxb3 22.cxb3 Rf8 23.Be3 Nxf3+
24.Nxf3 Rxf3 25.Be2 Rf8 26.Bxh5+ Kd8 27.Qxa7 Qxa7 28.Bxa7 Rb7 29.Be3 Bc6
30.Rh4 Kd7 31.Be2 Rbb8 32.Rg4 Rg8 33.Bd3 Ra8 34.e5 Bf3 35.Bb5+ Kd8 36.exd6 Bxg4
37.dxe7+ Kc7 38.Rd7+ Kc8 39.g6 e5 40.gxh7 Rh8  1-0

[Event "Nice olm prel"]
[Site "Nice"]
[Date "1974.??.??"]
[Round "9"]
[White "Leow Leslie M"]
[Black "Garcia, Luis E"]
[Result "1/2-1/2"]
[WhiteElo "2200"]
[BlackElo "2335"]

1.e4 g6 2.d4 Bg7 3.Nc3 d6 4.Nf3 c6 5.a4 Nd7 6.Bc4 d5 7.Bb3 e6 8.Bf4 Ne7 9.O-O O-O
10.Qd2 dxe4 11.Nxe4 Nf6 12.Ng3 Nf5 13.Rad1 Nxg3 14.fxg3 Nd5 15.Bh6 b6 16.Ne5 Bb7
17.Ng4 f5 18.Bxg7 Kxg7 19.Qh6+ Kg8 20.Ne5 Qe7 21.Rfe1 Qg7 22.Qd2 Rad8 23.Nf3 Rfe8
24.Re5 Nc7 25.Qe1 Qf6 26.Rd3 Rd6 27.Rde3 Bc8 28.c3 Red8 29.g4 Kh8 30.h4 Nd5
31.Bxd5 Rxd5 32.gxf5 gxf5 33.Rxd5 Rxd5 34.Ng5 Rd6 35.Qg3 f4 36.Qf2 Rd5 37.Rf3 Rf5
38.Nh3 c5 39.Rxf4 cxd4 40.Rxf5 exf5 41.cxd4  1/2-1/2

[Event "Nice olm fin-A"]
[Site "Nice"]
[Date "1974.??.??"]
[Round "10"]
[White "Bordonada, Glenn"]
[Black "Uddenfeldt, Dan"]
[Result "0-1"]
[WhiteElo "2200"]
[BlackElo "2275"]

1.e4 g6 2.d4 Bg7 3.Nc3 d6 4.f4 Nf6 5.Nf3 c5 6.dxc5 Qa5 7.Bd3 Qxc5 8.Qe2 Bg4
9.Be3 Qa5 10.O-O Nc6 11.Rad1 O-O 12.Bc4 Nh5 13.Qd2 Nxf4 14.Bxf4 Qc5+ 15.Kh1 Qxc4
16.Nd5 Bxf3 17.Rxf3 e6 18.Nc3 Ne5 19.Rg3 Rfd8 20.Bh6 Bh8 21.Qf4 b5 22.Rf1 Rd7
23.h4 b4 24.Nd1 Qxc2 25.h5 Qe2 26.Ne3 Rc8 27.Qh4 Rc5 28.Kg1 Qxb2 29.hxg6 Nxg6
30.Qg4 Qe5 31.Qf3 Rc3 32.Rg5 Qd4 33.Rb5 Rc8 34.Kh1 a6 35.Ra5 Qb6 36.Rh5 Rc3
37.Qh3 Bd4 38.Rf3 Rc1+ 39.Nf1 Rc5 40.Bg5 Qb5 41.Rxh7 Rxg5 42.Qh6 Rg4  0-1

[Event "Nice olm fin-A"]
[Site "Nice"]
[Date "1974.??.??"]
[Round "10"]
[White "Raaste, Eero J"]
[Black "Kuzmin, Gennadi P"]
[Result "0-1"]
[WhiteElo "2200"]
[BlackElo "2600"]

1.e4 g6 2.d4 d6 3.Nc3 Bg7 4.Nf3 Nf6 5.Be2 O-O 6.h3 c5 7.O-O cxd4 8.Nxd4 Nc6
9.Be3 Bd7 10.Nb3 a6 11.f4 b5 12.Bf3 Rb8 13.Rf2 b4 14.Ne2 Ne8 15.Ned4 Nc7
16.Rd2 Nxd4 17.Nxd4 Qc8 18.Rc1 Nb5 19.Nxb5 Bxb5 20.Bd4 Bh6 21.c4 Bc6 22.Be3 Qb7
23.Re2 Bxe4 24.Bxe4 Qxe4 25.Rcc2 b3 26.axb3 Rxb3 27.Bc1 Qb7 28.Qd5 Rc8 29.Kh1 Qxd5
30.cxd5 Rxc2 31.Rxc2 f5  0-1

[Event "Nice olm fin-A"]
[Site "Nice"]
[Date "1974.??.??"]
[Round "11"]
[White "Rantanen, Yrjo A"]
[Black "Bilek, Istvan"]
[Result "0-1"]
[WhiteElo "2410"]
[BlackElo "2475"]

1.e4 g6 2.d4 d6 3.Nc3 Bg7 4.f4 a6 5.Be3 b5 6.a4 b4 7.Na2 Bb7 8.e5 a5 9.c3 bxc3
10.Nxc3 Nh6 11.Qb3 Bc8 12.Bc4 O-O 13.Nf3 Nc6 14.h3 Rb8 15.Qc2 Nb4 16.Qd2 Nf5
17.Bf2 Bb7 18.d5 c6 19.Rd1 dxe5 20.fxe5 cxd5 21.Nxd5 Bh6  0-1

[Event "Nice olm fin-A"]
[Site "Nice"]
[Date "1974.??.??"]
[Round "13"]
[White "Unzicker, Wolfgang"]
[Black "Timman, Jan H"]
[Result "1-0"]
[WhiteElo "2535"]
[BlackElo "2540"]

1.e4 d6 2.d4 g6 3.Nc3 Bg7 4.f4 Nf6 5.Nf3 c5 6.dxc5 Qa5 7.Bd3 Qxc5 8.Qe2 O-O
9.Be3 Qa5 10.O-O Bg4 11.h3 Bxf3 12.Qxf3 Nc6 13.a3 Nd7 14.Bd2 Qd8 15.Kh1 Rc8
16.Rab1 Nb6 17.Ne2 Nd4 18.Nxd4 Bxd4 19.e5 dxe5 20.f5 e6 21.fxe6 f5 22.Bh6 Qe7
23.Bxf8 Rxf8 24.c3 Bc5 25.b4 Bd6 26.c4 e4 27.Bxe4 Nxc4 28.Qc3 Rc8 29.Bd5 Be5
30.Qd3 b5 31.Bxc4 bxc4 32.Qd7 Rc7 33.Qxe7 Rxe7 34.Rbc1 c3 35.Rfe1 Bf6 36.Re2 Kg7
37.g3 Kf8 38.Rd1 Bg5 39.Rd5 Bd2 40.Rc5 Kg7 41.a4  1-0

[Event "Rubinstein mem"]
[Site "Polanica Zdroj"]
[Date "1974.??.??"]
[Round "11"]
[White "Nicevski, Risto"]
[Black "Sznapik, Aleksander"]
[Result "0-1"]
[WhiteElo "2430"]
[BlackElo "2325"]

1.e4 g6 2.d4 Bg7 3.Nc3 d6 4.Be3 c6 5.Qd2 Nd7 6.Nf3 b5 7.Bd3 Ngf6 8.Bh6 O-O
9.e5 dxe5 10.dxe5 Ng4 11.Bxg7 Kxg7 12.Qf4 Ndxe5 13.Nxe5 Qd6 14.Nxg6 fxg6
15.Qxd6 exd6 16.O-O Ne5 17.Rfe1 Nxd3 18.cxd3 Bf5 19.Re7+ Rf7 20.Re3 Rd8 21.Ne2 c5
22.Rc1 Kf8 23.Ng3 Re8 24.Nxf5 Rxf5 25.Rce1 Rxe3 26.fxe3 Ke7 27.Re2 Ke6 28.g4 Rf7
29.b3 Ke5 30.Kg2 a5 31.Rb2 d5 32.Rc2 Kd6 33.h3 g5 34.a4 bxa4 35.bxa4 Rb7
36.Rf2 c4 37.Rf6+ Kc5 38.dxc4 dxc4 39.Kf3 c3 40.Rf8 Kc4 41.Rc8+ Kb3 42.e4 c2
43.e5 Kb2 44.Ke4 c1=Q 45.Rxc1 Kxc1 46.Kf5 Kc2 47.Kxg5 Kb3 48.Kf6 Kxa4  0-1

[Event "Rubinstein mem"]
[Site "Polanica Zdroj"]
[Date "1974.??.??"]
[Round "13"]
[White "Karasev, Vladimir I"]
[Black "Sznapik, Aleksander"]
[Result "1-0"]
[WhiteElo "2460"]
[BlackElo "2325"]

1.d4 g6 2.e4 Bg7 3.Nc3 d6 4.f4 a6 5.Nf3 b5 6.a4 b4 7.Ne2 Bb7 8.Ng3 Nd7 9.a5 c5
10.d5 Ngf6 11.Bc4 Qc7 12.O-O O-O 13.Qd3 Rfe8 14.Ng5 Nf8 15.e5 dxe5 16.d6 exd6
17.Bxf7+ Kh8 18.Bxe8 Rxe8 19.Qxd6 Qc8 20.fxe5 Ng4 21.Bf4 h6 22.Nf7+ Kg8 23.h3 g5
24.hxg4 gxf4 25.Rxf4 Re6 26.Qd8 Qc6 27.Ne4 Kh7 28.Qd3 Ng6 29.Nd8 c4 30.Qf1 Qd5
31.Nxe6 Qxe6 32.Nf6+ Kh8 33.Qxc4 Nxf4 34.Qxf4 Qc6 35.Qf2 Bf8 36.Kh2 Bc5 37.Qd2 Bf8
38.Rf1 Qc7 39.Rf5 Bg7 40.Rh5  1-0

[Event "Rubinstein mem"]
[Site "Polanica Zdroj"]
[Date "1974.??.??"]
[Round "15"]
[White "Nicevski, Risto"]
[Black "Garcia Martinez, Silvino"]
[Result "0-1"]
[WhiteElo "2430"]
[BlackElo "2400"]

1.e4 g6 2.d4 d6 3.Nc3 Bg7 4.Be3 c6 5.Qd2 Nd7 6.Nf3 b5 7.Bd3 Qc7 8.a4 b4 9.Ne2 Rb8
10.O-O Ngf6 11.Bh6 O-O 12.c4 bxc3 13.bxc3 c5 14.Bxg7 Kxg7 15.Ng3 Bb7 16.Qg5 Ng8
17.Nf5+ Kh8 18.Nxe7 h6 19.Qh4 Nxe7 20.Qxh6+ Kg8 21.Ng5 Nf6 22.Rae1 cxd4 23.cxd4 Qc6
24.Re3 Nf5 25.Qh3 Nxd4 26.Bb5 Bc8 27.Qh6 Rxb5 28.axb5 Qxb5 29.Rfe1 Bg4 30.h3 Bd7
31.f4 Rc8 32.Kh2 Rc2 33.f5 Qe5+ 34.Kh1 gxf5 35.exf5 Nxf5 36.Rxe5 Nxh6 37.R5e2 Rc5
38.Nf3 Nf5 39.Ra2 a5 40.Rd1 a4 41.Kg1 Bc6 42.Rd3 Rc1+ 43.Kh2 Ne4 44.g4 Nc5
45.Rda3 Rf1 46.gxf5 Bxf3 47.Re3 Ne4 48.Rxf3 Rxf3 49.Rxa4 d5  0-1

[Event "CSR-ch"]
[Site "Rimavska Sobota"]
[Date "1974.??.??"]
[Round "7"]
[White "Plachetka, Jan"]
[Black "Kubicek, Antonin"]
[Result "1/2-1/2"]
[WhiteElo "2405"]
[BlackElo "2320"]

1.e4 g6 2.d4 Bg7 3.Nc3 d6 4.Bg5 c6 5.Qd2 b5 6.f4 Qb6 7.O-O-O b4 8.Na4 Qa5
9.b3 Ba6 10.Bxa6 Nxa6 11.Nf3 h6 12.Bh4 Nf6 13.Bxf6 Bxf6 14.e5 Bg7 15.exd6 exd6
16.Qe2+ Kf8 17.Rhe1 Bf6 18.Nd2 Nc7 19.Ne4 Be7 20.g4 Re8 21.Qf2 Nd5 22.f5 Kg7
23.Qg3 Qd8 24.Qf3 Bh4 25.Re2 Bg5+ 26.Kb2 Bf6  1/2-1/2

[Event "Rimavska Sobota"]
[Site "Rimavska Sobota"]
[Date "1974.??.??"]
[Round "7"]
[White "Novak, Ivan"]
[Black "Gesos, Pavlos"]
[Result "1-0"]
[WhiteElo "2355"]
[BlackElo "2390"]

1.e4 g6 2.d4 Bg7 3.Nc3 d6 4.Nf3 Nf6 5.Be2 c5 6.dxc5 Qa5 7.Nd2 Qxc5 8.Nb3 Qc7
9.e5 dxe5 10.Nb5 Qd8 11.Qxd8+ Kxd8 12.Be3 Nc6 13.O-O-O+ Bd7 14.Rd3 Kc8 15.Rhd1 b6
16.Bf3 Be8 17.Nd2 Kb7 18.a4 Bd7 19.Ne4 Bg4 20.Nxf6 Bxf3 21.gxf3 Bxf6 22.Rd7+ Kb8
23.Nc7 Nd4 24.Na6+ Kc8 25.Rc7+ Kd8 26.c3 Rc8 27.Rxc8+ Kxc8 28.cxd4 Kb7 29.Nb4 Rc8+
30.Nc2 exd4 31.Bxd4 e5 32.Bc3 Rc7 33.Kb1 Bg7 34.Re1 f6 35.Ne3 Bh6 36.Rd1 Bf4
37.Nd5 Rd7 38.h3 Bg5 39.Kc2 Bh4 40.Ne3 Rc7 41.Rd2  1-0